VALORANT eSports trivia - Statistiken

Allgemein
  • Dieses Quiz wurde 33 mal gespielt
  • Das Durchschnittsergebnis liegt bei 11 aus 16
Antwortstatistiken
Hint Antwort % Korrekt
The face of VALORANT TenZ
93%
The brazilian GOAT aspas
90%
The best IGL Boaster
90%
The Odin MVP Brawk
90%
The chinese duellist ZmjjKK
90%
Player with the most won international trophier Chronicle
83%
The inventor of lurks nAts
83%
El diablo yay
80%
The best flex player f0rsaken
77%
The biggest Paper Rex fan FiNESSE
77%
The hype merchant Zellsis
77%
The first Yoru otp in VCT Eggsterr
47%
The retired GOAT Leo
47%
A player from THE asian player duo BuZz
40%
The other one stax
40%
The best trashtalker Boostio
23%
Keine übereinstimmenden Quizze gefunden
Verteilung der Resultate
Anzahl Personen mit jedem Resultat
Perzentil nach korrekt beantworteten Fragen
Ihre Resultats-Entwicklung
Sie haben dieses Quiz noch nicht gespielt